| 000 | 00990nmc a2200325 a 4500 | ||
|---|---|---|---|
| 003 | AR-BaBNM | ||
| 005 | 20251128202832.0 | ||
| 008 | 011101s1991 ||||||||||||||000 | spa|| | ||
| 020 | _a950-21-1020-X | ||
| 040 | _cAR-BaBNM | ||
| 100 | 1 | _aNervi, Juan Ricardo | |
| 245 | 1 | 0 |
_aLas ciencias naturales en la regionalización de la enseñanza _borientaciones folklóricas para docentes de educación primaria y secundaria |
| 260 |
_aBuenos Aires _bPlus Ultra _c1991 |
||
| 300 | _a127 p. | ||
| 490 | 0 |
_aPropuestas didácticas _vv. 4 |
|
| 650 | 4 | _aCOSTUMBRES Y TRADICIONES | |
| 650 | 4 | _aFOLKLORE | |
| 650 | 4 | _aCULTURAS POPULARES | |
| 650 | 4 | _aFLORA Y FAUNA SILVESTRES | |
| 650 | 4 | _aMEDIO AMBIENTE NATURAL | |
| 650 | 4 | _aLEYENDAS | |
| 650 | 4 | _aYERBA MATE | |
| 650 | 4 | _aSUPERSTICION | |
| 653 | _aENSENANZA DE LAS CIENCIAS NATURALES | ||
| 653 | _aEDUCACION PRIMARIA | ||
| 653 | _aEDUCACION SECUNDARIA | ||
| 800 | 1 |
_aNervi, Juan Ricardo _edirector |
|
| 942 | _cBK | ||
| 998 | _cLAURA | ||
| 999 |
_c809 _d809 |
||